000 00582nam a2200181 a 4500
008 120416s1986 ||||||||||||||||| || u
020 _a0471624446
050 _aHF 1025 Whe
100 _aWheeler, James O
245 1 0 _aEconomic Geography
250 _a2nd.ed
260 _aNew York
_bJohn Wiley and Sons
_c1986
300 _ax, 412p. : ill
350 _a0.00
650 0 _aECONOMICS
650 0 _aECONOMIC GEOGRAPHY
995 _D0.00
_FCBU-MAIN LIBRARY (Kitwe)
_H1
_I30.00
_M1
_UAVAILABLE
_ZMain Library Open Access Collection
999 _c40821
_d40821